Škody človekom

Bibliographic Details
Main Authors: Surovec, Dušan (Author), Novotný, Július, 1954- (Author)
Format: Article
Language:Slovak
PhysicalDescription:Lit. 2 zázn. v slov.
Subjects:

MARC

LEADER 00000nab a2200000 a 4500
001 vtls000331234
003 SK-MaSNL
005 20260303043216.0
008 111202c1988 xo 0 slo
015 |a SNBRA19rr/mm-uuuuu 
035 |a CL0331356 
040 |a SNKBUCL  |b slo  |c SNKBUCL  |e AACR2 
041 0 |a slo 
044 |a xo  |c SK 
080 |a 630 41  |2 1981 
100 1 |a Surovec, Dušan  |4 aut  |9 627240 
245 1 0 |a Škody človekom  |c Dušan Surovec, Július Novotný 
300 |b Lit. 2 zázn. v slov. 
650 0 7 |a lesy  |2 snkbucl  |9 1437 
655 7 |a články zo zborníkov  |2 snkbucl  |9 166140 
700 1 |a Novotný, Július,  |d 1954-  |4 aut  |9 89186 
773 0 |t Výskyt škodlivých činiteľov v lesoch SSR a ich prognóza  |d Žilina : Dom techniky ČSVTS, 1988 
850 |a Slovenská národná knižnica v Martine  |a MTA001 
852 |a SNK  |b KIS3GCP 
958 |a RK 
992 |a RZB 
999 |c 1695909  |d 1697839